UBT Library

An American experience in Indonesia: the University of Kentucky affiliation with the Agricultural University at Bogor (Record no. 41616)

000 -LEADER
fixed length control field 00700cam a2200241 4500
001 - CONTROL NUMBER
control field 1274305
005 - DATE AND TIME OF LATEST TRANSACTION
control field 20180202045126.0
008 - FIXED-LENGTH DATA ELEMENTS--GENERAL INFORMATION
fixed length control field 710528s1971 kyu b 001 0 eng
010 ## - LIBRARY OF CONGRESS CONTROL NUMBER
LC control number 75132824
020 ## - INTERNATIONAL STANDARD BOOK NUMBER
International Standard Book Number 0813112354
040 ## - CATALOGING SOURCE
Original cataloging agency DLC
Transcribing agency DLC
Modifying agency DLC
041 ## - LANGUAGE CODE
Language code of text/sound track or separate title eng
043 ## - GEOGRAPHIC AREA CODE
Geographic area code a-io---
-- n-us---
080 ## - UNIVERSAL DECIMAL CLASSIFICATION NUMBER
Universal Decimal Classification number 630.71
082 00 - DEWEY DECIMAL CLASSIFICATION NUMBER
Classification number 630.71 BEE
100 1# - Rafti
Rafti 19
101 ## - Shkurtesa
Shkurtesa SHP
245 13 - TITLE STATEMENT
Title An American experience in Indonesia: the University of Kentucky affiliation with the Agricultural University at Bogor
Statement of responsibility, etc [by] Howard W. Beers.
350 ## - PRICE (NR) (BK AM CF MU VM SE) [OBSOLETE]
Price $12.50
504 ## - BIBLIOGRAPHY, ETC. NOTE
Bibliography, etc Includes bibliographical references.
906 ## - LOCAL DATA ELEMENT F, LDF (RLIN)
a 7
b cbc
c orignew
d 2
e ncip
f 19
g y-gencatlg
942 ## - ADDED ENTRY ELEMENTS (KOHA)
Source of classification or shelving scheme
Item type Books
Holdings
Withdrawn status Lost status Source of classification or shelving scheme Damaged status Not for loan Collection code Permanent location Current location Shelving location Date acquired Total Checkouts Full call number Barcode Date last seen Price effective from Koha item type
          Koleksioni i përgjithshem UBT - Lipjan UBT - Lipjan Koleksioni i përgjithshem 02/02/2018   630.71 BEE 002-2997601 02/02/2018 02/02/2018 Books
UBT Library © 2015-2024. All rights reserved University Education for Business and Technology